| 000 | 00595 a2200205 4500 | ||
|---|---|---|---|
| 010 | _a 2001030694 | ||
| 020 | _a0-07-236964-7 | ||
| 020 | _a0-07-112184-6 | ||
| 035 | _a(DLC) 2001030694 | ||
| 040 | _aDLC | ||
| 082 | 0 | 0 | _a005.73 |
| 100 | 1 | _aCollins, William J. | |
| 245 | 1 | 0 |
_aData structures and the Java collections framework _cWilliam J. Collins |
| 250 | _a1. ed. | ||
| 260 |
_aBoston : _bMcGraw-Hill, _c2002 |
||
| 300 |
_axx, 716 s. : _bill. ; _c24 cm. |
||
| 650 | 7 | _aJava (Computer program language) | |
| 650 | 7 | _aJava (Computer programming languages) | |
| 942 |
_cBK _k005.73 COL _2ddc |
||
| 999 |
_c6477 _d6477 |
||